[Event "BL 0506 Godesberger SK - Leipzig Gohlis"]
[Site "?"]
[Date "2006.01.29"]
[Round "9.5"]
[White "Fischer, Johannes"]
[Black "Langheinrich, Ferenc"]
[Result "1-0"]
[WhiteElo "2285"]
[BlackElo "2391"]
[PlyCount "117"]
[EventDate "2006.??.??"]

1. e4 c5 2. Nf3 d6 3. d4 cxd4 4. Nxd4 Nf6 5. Nc3 Nc6 6. Bg5 Bd7 7. Qd2 Rc8 8.
O-O-O Nxd4 9. Qxd4 Qa5 10. f4 Rxc3 11. bxc3 e5 12. Qb4 Qxb4 13. cxb4 Nxe4 14.
Bc4 h6 15. Bh4 g5 16. fxg5 hxg5 17. Be1 f5 18. b5 g4 19. a4 b6 20. Kb2 Bh6 21.
Bd5 Nc5 22. Ra1 Be3 23. a5 bxa5 24. Rxa5 Ke7 25. h4 Rb8 26. c4 Nd3+ 27. Kc3 Nf4
28. h5 Bd4+ 29. Kd2 Bb6 30. Bh4+ Kf8 31. Ra3 Kg7 32. Be7 Bc5 33. Bxd6 $1 Bxd6
34. Rxa7 Bb4+ 35. Kc2 Nxd5 36. Rxd7+ Ne7 37. Ra1 Kf6 38. Ra6+ Kg5 39. Kb3 Bc5
40. Rc7 Rc8 41. Rxc8 Nxc8 42. Rc6 Bd4 43. Rxc8 f4 44. Kc2 e4 45. Kd2 f3 46.
gxf3 gxf3 47. Re8 Kf4 48. h6 e3+ 49. Ke1 Bc3+ 50. Kf1 e2+ 51. Rxe2 fxe2+ 52.
Kxe2 Ke5 53. Kd3 Ba1 54. h7 Kd6 55. b6 Kc6 56. c5 Bh8 57. Ke4 Bb2 58. Kf5 Kd7
59. Kg6 1-0

[Event "BL 0506 Godesberger SK - Leipzig Gohlis"]
[Site "?"]
[Date "2006.01.29"]
[Round "9.6"]
[White "Grafl, Florian"]
[Black "Hoffmann, Hendrik"]
[Result "1/2-1/2"]
[WhiteElo "2413"]
[BlackElo "2288"]
[PlyCount "20"]
[EventDate "2006.??.??"]

1. f4 c5 2. Nf3 Nc6 3. e4 e6 4. Nc3 d5 5. exd5 exd5 6. d4 Nf6 7. Be3 cxd4 8.
Nxd4 Bb4 9. Bb5 Bd7 10. O-O O-O 1/2-1/2

[Event "BL 0506 Godesberger SK - Leipzig Gohlis"]
[Site "?"]
[Date "2006.01.29"]
[Round "9.7"]
[White "Schunk, Thomas"]
[Black "Jackelen, Thomas"]
[Result "1/2-1/2"]
[WhiteElo "2315"]
[BlackElo "2454"]
[PlyCount "80"]
[EventDate "2006.??.??"]

1. c4 e6 2. Nf3 Nf6 3. Qc2 c5 4. e3 Nc6 5. a3 d5 6. Be2 Be7 7. O-O O-O 8. d4
cxd4 9. exd4 dxc4 10. Qxc4 Bd7 11. Qd3 Rc8 12. Nc3 Na5 13. Bg5 Nc4 14. Ra2 h6
15. Bh4 $11 Bc6 16. Bd1 Bxf3 17. Bxf3 Ne5 18. Qe3 Nxf3+ 19. Qxf3 Qxd4 20. Qxb7
Bc5 21. Bxf6 gxf6 22. Qf3 f5 23. Raa1 Rfd8 24. Rad1 Qe5 25. Qh5 Kg7 26. Rxd8
Rxd8 27. Nd1 Rd2 28. Qf3 Bd4 29. b4 Qe2 30. Qg3+ Kh7 31. Ne3 Bxe3 32. Qxe3 Qxe3
33. fxe3 Ra2 34. e4 Rxa3 35. exf5 e5 36. Re1 f6 37. Rc1 Ra4 38. Rc7+ Kg8 39. g3
Rxb4 40. Rxa7 Rb2 1/2-1/2

[Event "BL 0506 Godesberger SK - Leipzig Gohlis"]
[Site "?"]
[Date "2006.01.29"]
[Round "9.8"]
[White "Armbruster, Alexander"]
[Black "Natsidis, Christoph"]
[Result "1-0"]
[WhiteElo "2376"]
[BlackElo "2133"]
[PlyCount "39"]
[EventDate "2006.??.??"]

1. Nf3 e6 2. c4 d5 3. g3 c6 4. Bg2 Be7 5. O-O f5 6. d3 Nf6 7. Nc3 O-O 8. e4 Na6
9. Re1 Bd7 10. exf5 exf5 11. cxd5 cxd5 12. Bg5 Nc7 13. Qb3 Kh8 14. Qxb7 Bc5 15.
Bxf6 Rxf6 16. Nxd5 Nxd5 17. Qxd5 Rc8 18. Ng5 Be8 19. Rac1 Rd6 20. Rxe8+ 1-0

[Event "BL 0506 SG Köln Porz - SK Zehlendorf"]
[Site "?"]
[Date "2006.01.29"]
[Round "9.1"]
[White "Richter, Michael"]
[Black "Lutz, Christopher"]
[Result "0-1"]
[WhiteElo "2407"]
[BlackElo "2609"]
[PlyCount "86"]
[EventDate "2006.??.??"]

1. d4 Nf6 2. Nf3 e6 3. e3 b6 4. Bd3 Bb7 5. Nbd2 c5 6. O-O Nc6 7. c3 Qc7 8. a3
d5 9. Qe2 Be7 10. dxc5 bxc5 11. e4 O-O 12. Re1 Rfe8 13. e5 Nd7 14. Nf1 Rab8 15.
h4 c4 16. Bc2 f5 17. exf6 Bxf6 18. Ng5 Nf8 19. Ne3 Ne5 20. Nf1 Nd3 21. Bxd3
cxd3 22. Qxd3 h6 23. Nf3 e5 24. Qd1 Bc6 25. Ne3 Qd7 26. h5 d4 27. Nf1 d3 28.
Ng3 e4 29. Nd2 Ba4 30. b3 Bxc3 31. Rb1 Bc6 32. Ngxe4 Rxe4 33. Nxe4 Bxe1 34.
Qxe1 Bxe4 35. Qxe4 d2 36. Bxd2 Qxd2 37. Qc4+ Kh8 38. Qc7 Re8 39. Qxa7 Qc2 40.
Rf1 Qxb3 41. Rc1 Qb2 42. Qc5 Nd7 43. Qc3 Qe2 0-1

[Event "BL 0506 SG Köln Porz - SK Zehlendorf"]
[Site "?"]
[Date "2006.01.29"]
[Round "9.3"]
[White "Werner, Dimo"]
[Black "Timman, Jan H"]
[Result "0-1"]
[WhiteElo "2376"]
[BlackElo "2630"]
[PlyCount "80"]
[EventDate "2006.??.??"]

1. d4 Nf6 2. Nf3 e6 3. e3 b6 4. Bd3 Bb7 5. O-O c5 6. Nbd2 Nc6 7. a3 Be7 8. c3
d5 9. b3 O-O 10. Bb2 Rc8 11. Qe2 Qc7 12. dxc5 bxc5 13. c4 Rfe8 14. Rac1 Qb8 15.
Rfd1 Nd7 16. Nf1 g6 17. cxd5 exd5 18. Bc4 Nb6 19. Bb5 Bf8 20. h4 d4 21. b4 cxb4
22. axb4 dxe3 23. Nxe3 Qf4 24. Ba1 Bg7 25. Bxg7 Kxg7 26. Qb2+ Kg8 27. Nc4 Red8
28. Nxb6 axb6 29. Rxd8+ Rxd8 30. Bc4 Nd4 31. Ng5 Bd5 32. Bxd5 Ne2+ 33. Qxe2 $2
(33. Kf1 Qxc1+ 34. Qxc1 Nxc1 35. Bxf7+ Kh8 36. g3) 33... Qxc1+ 34. Kh2 Qc7+ 35.
g3 Rxd5 36. Qb2 Qe5 37. Qa2 Rd7 38. Qa8+ Kg7 39. Qa6 Qd4 40. Kg2 Re7 0-1

[Event "BL 0506 SG Köln Porz - SK Zehlendorf"]
[Site "?"]
[Date "2006.01.29"]
[Round "9.4"]
[White "Graf, Alexander"]
[Black "Janz, Frerik"]
[Result "1-0"]
[WhiteElo "2613"]
[BlackElo "2355"]
[PlyCount "57"]
[EventDate "2006.??.??"]

1. d4 Nf6 2. c4 c5 3. d5 e6 4. Nc3 exd5 5. cxd5 d6 6. e4 g6 7. Nf3 a6 8. h3 b5
9. Bd3 Bg7 10. O-O O-O 11. Bf4 Re8 12. Re1 Ra7 13. Rc1 Rae7 14. a3 b4 15. axb4
cxb4 16. Na4 Nxe4 17. Bxe4 Rxe4 18. Rxe4 Rxe4 19. Bxd6 Nd7 20. Qd3 Nf6 21. Be5
Bf5 22. Qxa6 Nxd5 23. Bxg7 Kxg7 24. Nc5 Rf4 25. Qe2 Qe7 26. Qd2 Rxf3 27. Qxd5
Rxh3 $2 28. Qd4+ Kg8 (28... Kh6 29. Qd2+) 29. Ra1 1-0

[Event "BL 0506 SG Köln Porz - SK Zehlendorf"]
[Site "?"]
[Date "2006.01.29"]
[Round "9.6"]
[White "Van den Doel, Erik"]
[Black "Klimm, Wolf-Dietrich"]
[Result "1-0"]
[WhiteElo "2582"]
[BlackElo "2287"]
[PlyCount "95"]
[EventDate "2006.??.??"]

1. e4 c5 2. Nf3 e6 3. d4 cxd4 4. Nxd4 a6 5. Be2 Nf6 6. Nc3 Qc7 7. O-O Nc6 8.
Be3 Bb4 9. Na4 Be7 10. Nxc6 bxc6 11. Nb6 Rb8 12. Nxc8 Qxc8 13. Bd4 Nxe4 14.
Bxg7 Rg8 15. Be5 d6 16. Qd3 f5 17. Bh5+ Kf8 18. Bc3 e5 19. f4 Nxc3 20. Qxc3 e4
21. Rad1 Qc7 22. Kh1 Rg7 23. Rg1 Qb6 24. b3 Qc5 25. Qxc5 dxc5 26. Rd7 Bf6 27.
Rd6 Bd4 28. Rd1 Rc8 29. g3 Ke7 30. Rh6 Bf6 31. Be2 a5 32. Rh5 Rd8 33. Rxd8 Kxd8
34. Rxf5 Bd4 35. Kg2 a4 36. Bc4 a3 37. Rf8+ Ke7 38. Ra8 Kf6 39. Rxa3 Rd7 40.
Ra6 Rd6 41. Bb5 Kf5 42. Bxc6 Rd8 43. c4 Bc3 44. Bd5 Re8 45. Kf2 e3+ 46. Kf3 h5
47. h3 e2 48. g4+ 1-0

[Event "BL 0506 SG Köln Porz - SK Zehlendorf"]
[Site "?"]
[Date "2006.01.29"]
[Round "9.7"]
[White "Lieb, Harald"]
[Black "Andersson, Ulf"]
[Result "0-1"]
[WhiteElo "2236"]
[BlackElo "2565"]
[PlyCount "108"]
[EventDate "2006.??.??"]

1. Nf3 c5 2. g3 g6 3. d4 cxd4 4. Nxd4 Bg7 5. Bg2 Nc6 6. Nb3 d6 7. O-O Nf6 8.
Nc3 O-O 9. e4 Bg4 10. f3 Bd7 11. Be3 a6 12. Nd4 Nxd4 13. Bxd4 Bc6 14. Nd5 e6
15. Nxf6+ Bxf6 16. Bxf6 Qxf6 17. c3 d5 18. exd5 Bxd5 19. Rf2 h5 20. f4 Rad8 21.
Bxd5 Rxd5 22. Qf3 Rfd8 23. Re1 R8d7 24. Kg2 Rd3 25. Re3 Rd1 26. Rf1 R1d2+ 27.
Rf2 Rd1 28. Rf1 R1d6 29. Qe4 Qd8 30. Rf2 Qa5 31. a3 Qb6 32. Ree2 Qb3 33. Qc2
Qd5+ 34. Qe4 Qa2 35. Qc2 Rd3 36. c4 R7d4 37. Rd2 Rxd2 38. Rxd2 Rxd2+ 39. Qxd2
Qxc4 40. Qf2 Qe4+ 41. Kg1 Qb1+ 42. Kg2 Qe4+ 43. Kg1 Qd5 44. h3 Kg7 45. Kh2 b5
46. Kg1 g5 47. Kh2 Kg6 48. fxg5 Qxg5 49. Qd4 Qf6 50. Qd2 h4 51. gxh4 Qe5+ 52.
Kg1 Qg3+ 53. Kf1 Qxh3+ 54. Ke1 Qh1+ 0-1

[Event "BL 0506 SG Köln Porz - SK Zehlendorf"]
[Site "?"]
[Date "2006.01.29"]
[Round "9.8"]
[White "Kengis, Edwin"]
[Black "Brustkern, Juergen"]
[Result "1-0"]
[WhiteElo "2528"]
[BlackElo "2236"]
[PlyCount "35"]
[EventDate "2006.??.??"]

1. Nf3 Nc6 2. d4 d5 3. g3 Bg4 (3... Bf5) 4. Bg2 Qd7 5. h3 $1 Bf5 (5... Bh5 6.
O-O f6 7. c4 e6 8. Nc3 Nge7 9. g4 Bf7 10. e4 dxc4 11. Be3 h5 12. g5 Ng6 13. Qe2
e5 14. Rad1 Bd6 15. Nd5 O-O-O 16. gxf6 exd4 17. fxg7 Rhg8 18. Nxd4 Nh4 19. Nf6
Rxg7 20. Nf5 Rxg2+ 21. Kh1 Rh2+ 22. Kg1 Qe6 23. Nh7 Rg8+ 24. Ng5 Qxe4 25. Nxd6+
cxd6 26. Qg4+ hxg4) 6. c4 e6 7. O-O O-O-O 8. Nc3 Nge7 (8... Nf6 9. Qa4 Kb8 10.
Bf4 a6 11. Rfc1 Ne4 12. cxd5 exd5 13. b4 g5 14. Ne5 Nxe5 15. Bxe5 Nxc3 16. Qxd7
Nxe2+ 17. Kf1 Rxd7 18. Kxe2 f6 19. Bxf6 Rg8 20. a3 c6 21. Rc3 Rg6 22. Be5+ Bd6
23. Re3 Re6 24. Bxd6+ Rdxd6 25. Rf1 Kc7 26. f4 Rxe3+ 27. Kxe3 Re6+ 28. Kd2 g4
29. hxg4 Bxg4 30. Bf3 Bxf3 31. Rxf3 Re4 32. Kd3 Re1 33. Re3 Rd1+ 34. Ke2 Rxd4
35. Re7+ Kd6 36. Rxb7 Re4+ 37. Kf3 a5 38. Kg4 axb4 39. axb4 d4 40. Kf3 Re3+ 41.
Kf2 h6 42. b5 Rc3 43. bxc6 Rxc6 44. Ke2 Rc3 45. Rb6+ Kd5 46. Rxh6 Rxg3 47. Rh8
Ke4 48. Re8+ Kxf4 49. Kd2 Re3 50. Rxe3 dxe3+ {1/2-1/2 Goossens,E-Schuermans,R/
Belgium BEL 2005/The Week in Chess 571 (50).}) 9. Qa4 Be4 $2 (9... Ng6 10. a3
Kb8 11. b4 f6) 10. Nxe4 dxe4 11. Ng5 Nf5 $2 (11... Nxd4 12. Qxd7+ Rxd7 13. Nxf7
Nxe2+ 14. Kh2 Rg8 15. Bxe4 $14) 12. e3 Kb8 13. Nxe4 Ncxd4 $4 14. Qxd7 Ne2+ 15.
Kh2 Rxd7 16. Bd2 Bd6 $4 (16... Nh6 17. Rad1 Be7 18. Bf3 f5 19. Nc3 Nxc3 20.
Bxc3 $16) 17. Rae1 Nexg3 18. fxg3 1-0

[Event "BL 0506 Hamburger SK - SF Katernberg"]
[Site "?"]
[Date "2006.01.29"]
[Round "9.1"]
[White "Volokitin, Andrei"]
[Black "Gustafsson, Jan"]
[Result "1/2-1/2"]
[WhiteElo "2666"]
[BlackElo "2615"]
[PlyCount "61"]
[EventDate "2006.??.??"]

1. e4 e5 2. Nf3 Nc6 3. Bb5 a6 4. Ba4 Nf6 5. O-O Be7 6. Re1 b5 7. Bb3 O-O 8. a4
b4 9. d3 d6 10. a5 Be6 11. Nbd2 h6 12. Nc4 Rb8 13. h3 Qc8 14. Be3 Rd8 15. Qe2
Bf8 16. Nfd2 Ne7 17. d4 exd4 18. Bxd4 Nh7 19. Be3 Nf6 20. Bd4 Nh7 21. Nf3 d5
22. exd5 Bxd5 23. Rad1 Ng6 24. Be5 Rb5 25. Bg3 Nf6 26. Nd4 Rc5 27. Ne3 Bxb3 28.
Nxb3 Rxd1 29. Rxd1 Rg5 30. Qc4 Ne5 31. Bxe5 1/2-1/2

[Event "BL 0506 Hamburger SK - SF Katernberg"]
[Site "?"]
[Date "2006.01.29"]
[Round "9.4"]
[White "Hansen, Sune Berg"]
[Black "Chuchelov, Vladimir"]
[Result "1-0"]
[WhiteElo "2555"]
[BlackElo "2534"]
[PlyCount "77"]
[EventDate "2006.??.??"]

1. e4 c5 2. Nf3 Nc6 3. c3 d5 4. exd5 Qxd5 5. d4 e6 6. Be3 cxd4 7. cxd4 Nf6 8.
Nc3 Qd6 9. Bd3 Be7 10. O-O O-O 11. a3 b6 12. Qe2 Bb7 13. Rad1 Rad8 14. Bb1 Rfe8
15. Rfe1 Qb8 16. h3 g6 17. Ba2 Bf8 18. d5 exd5 19. Nxd5 Nxd5 20. Bxd5 Ne7 21.
Bxb7 Qxb7 22. Bd4 Qb8 23. Be5 Qc8 24. Rxd8 Rxd8 25. Qe4 Qc6 26. Qh4 Re8 27. Qf6
Qxf6 28. Bxf6 h6 29. h4 a6 30. a4 Kh7 31. Kf1 Kg8 32. b3 Kh7 33. Re3 Kg8 34. g4
Kh7 35. h5 b5 36. axb5 axb5 37. Ng1 Kg8 38. Ne2 Kh7 39. Nf4 1-0

[Event "BL 0506 Hamburger SK - SF Katernberg"]
[Site "?"]
[Date "2006.01.29"]
[Round "9.5"]
[White "Smagin, Sergey"]
[Black "Reeh, Oliver"]
[Result "1-0"]
[WhiteElo "2565"]
[BlackElo "2449"]
[PlyCount "121"]
[EventDate "2006.??.??"]

1. e4 e5 2. Nf3 Nc6 3. Bb5 Nf6 4. d3 d6 5. c3 Bd7 6. O-O g6 7. a4 Bg7 8. a5 a6
9. Bc4 O-O 10. Re1 Qe7 11. Nbd2 Be6 12. d4 Bxc4 13. Nxc4 Nd7 14. Bg5 f6 15. Bd2
Nd8 16. Ne3 c6 17. Qc2 Nf7 18. Rad1 Rfe8 19. d5 c5 20. Bc1 Bh6 21. Nd2 Rf8 22.
Ndc4 Bg5 23. g3 h5 24. h4 Bh6 25. Rf1 Kh7 26. Rde1 Rae8 27. Re2 Qd8 28. f3 b5
29. axb6 Nxb6 30. Bd2 Nxc4 31. Nxc4 Qd7 32. Ra1 Bxd2 33. Rxd2 g5 34. Rh2 g4 35.
Rf2 gxf3 36. Qd3 Rg8 37. Rxf3 Rg6 38. Kh2 Reg8 39. Rxa6 f5 40. Rxf5 Nh6 41. Rf3
Qe7 42. Kg2 R8g7 43. Ra1 Qxh4 44. Rh1 Qg5 45. Ne3 h4 46. Rh3 Qh5 47. Nf5 Nxf5
48. Rxf5 Qg4 49. Qf3 Qxh3+ 50. Kxh3 Rxg3+ 51. Kxh4 Rxf3 52. Rxf3 Rb7 53. Kg5
Kg7 54. Rf6 Rxb2 55. Rxd6 Rf2 56. Re6 Rf3 57. c4 Kf7 58. Rxe5 Rc3 59. d6 Rxc4
60. Re7+ Kf8 61. Kf6 1-0

[Event "BL 0506 Hamburger SK - SF Katernberg"]
[Site "?"]
[Date "2006.01.29"]
[Round "9.6"]
[White "Heinemann, Thies"]
[Black "Senff, Martin"]
[Result "1-0"]
[WhiteElo "2441"]
[BlackElo "2469"]
[PlyCount "91"]
[EventDate "2006.??.??"]

1. e4 c5 2. Nf3 d6 3. d4 cxd4 4. Nxd4 Nf6 5. Nc3 a6 6. f4 e5 7. Nf3 Nbd7 8. a4
Be7 9. Bd3 O-O 10. O-O exf4 11. Kh1 Nc5 12. Bxf4 Bg4 13. Qd2 Rc8 14. Be3 Nxd3
15. Qxd3 Be6 16. Nd5 Bxd5 17. exd5 Qc7 18. c3 Qc4 19. Rfd1 Rfe8 20. h3 Bf8 21.
Bg1 g6 22. Qxc4 Rxc4 23. b3 Rxc3 24. Bd4 Nxd5 25. Bxc3 Nxc3 26. Re1 Rd8 27.
Rac1 Bg7 28. Re7 b5 29. axb5 axb5 30. Ng5 d5 31. Rxf7 Ne2 32. Rcc7 Bh8 33. Nxh7
Ng3+ 34. Kh2 Ne4 35. Rfe7 Bc3 36. Re6 Kh8 37. h4 Bb4 38. Kg1 Bd6 39. Rf7 Bc5+
40. Kh1 Ra8 41. Nf6 Ra1+ 42. Kh2 Bg1+ 43. Kh3 Nf2+ 44. Kg3 Nh1+ 45. Kg4 Nf2+
46. Kf3 1-0

[Event "BL 0506 Hamburger SK - SF Katernberg"]
[Site "?"]
[Date "2006.01.29"]
[Round "9.7"]
[White "Siebrecht, Sebastian"]
[Black "Van Delft, Merijn"]
[Result "1-0"]
[WhiteElo "2485"]
[BlackElo "2385"]
[PlyCount "195"]
[EventDate "2006.??.??"]

1. c4 Nf6 2. Nc3 g6 3. e4 d6 4. d4 Bg7 5. Nf3 O-O 6. h3 e5 7. d5 a5 8. Bg5 h6
9. Be3 Na6 10. g4 Nc5 11. Nd2 c6 12. Rg1 Bd7 13. Be2 cxd5 14. cxd5 a4 15. h4
Qa5 16. Nc4 Qc7 17. g5 hxg5 18. hxg5 Nfxe4 19. Nxe4 Nxe4 20. Rc1 Qd8 21. f3 Nc5
22. Nxd6 b6 23. Qd2 Qe7 24. Nc4 e4 25. Nxb6 Nd3+ 26. Bxd3 exd3 27. Nxa8 Rxa8
28. Qxd3 Bxb2 29. d6 Qe6 30. Rc7 Re8 31. Kf2 Be5 32. Rh1 Qxa2+ 33. Qd2 Qe6 34.
f4 Bg7 35. Re1 Qh3 36. Rxd7 Qxd7 37. Bc5 Rxe1 38. Qxe1 Bf8 39. Qe5 Qh3 40. Bd4
Qh2+ 41. Ke1 Qh1+ 42. Kd2 Qg2+ 43. Kc1 Qh1+ 44. Kc2 Qg2+ 45. Kb1 Qf1+ 46. Kb2
Qg2+ 47. Ka3 Qf3+ 48. Kxa4 Qc6+ 49. Ka5 Qa8+ 50. Kb5 Qb7+ 51. Kc4 Qa6+ 52. Kc3
Qc6+ 53. Kd3 Qf3+ 54. Kc4 Qc6+ 55. Bc5 Qa6+ 56. Kb3 Qb5+ 57. Bb4 Qd3+ 58. Bc3
Qd1+ 59. Kb2 Qh1 60. d7 Qg2+ 61. Kc1 Qh1+ 62. Kd2 Qg2+ 63. Kd3 Qf1+ 64. Kd2
Qg2+ 65. Qe2 Qd5+ 66. Qd3 Qg2+ 67. Kd1 Qg4+ 68. Kc2 Qg2+ 69. Bd2 Qc6+ 70. Kd1
Be7 71. d8=Q+ Bxd8 72. Qxd8+ Kh7 73. Qd4 Qh1+ 74. Kc2 Qg2 75. Kb3 Qe2 76. Bc3
Qb5+ 77. Qb4 Qd5+ 78. Qc4 Qb7+ 79. Bb4 Qf3+ 80. Ka4 Qa8+ 81. Ba5 Qe8+ 82. Kb4
Qb8+ 83. Kc3 Qe8 84. Bc7 Qe3+ 85. Kb4 Qd2+ 86. Kb5 Qb2+ 87. Kc6 Qg2+ 88. Qd5
Qc2+ 89. Kd7 Kg8 90. Be5 Qa4+ 91. Ke7 Qa7+ 92. Kf6 Qa6+ 93. Qd6 Qc8 94. Qb8
Qxb8 95. Bxb8 Kf8 96. Bd6+ Kg8 97. Bc5 Kh7 98. Kxf7 1-0

[Event "BL 0506 Hamburger SK - SF Katernberg"]
[Site "?"]
[Date "2006.01.29"]
[Round "9.8"]
[White "Sebastian, Dirk"]
[Black "Thesing, Matthias"]
[Result "1-0"]
[WhiteElo "2362"]
[BlackElo "2413"]
[PlyCount "81"]
[EventDate "2006.??.??"]

1. e4 c5 2. Nf3 e6 3. d4 cxd4 4. Nxd4 a6 5. Nc3 Qc7 6. Bd3 Nf6 7. Qe2 d6 8. O-O
Be7 9. Kh1 Nc6 10. Nxc6 bxc6 11. f4 Nd7 12. e5 d5 13. Na4 g6 14. Be3 c5 15. c4
d4 16. Bd2 Bb7 17. b3 Qc6 18. Nb2 O-O 19. Bc2 a5 20. a4 f6 21. exf6 Rxf6 22.
Nd3 Bd6 23. Rae1 Bc7 24. Qg4 Raf8 25. Bd1 Rf5 26. Bf3 Qa6 27. Bxb7 Qxb7 28.
Rxe6 Nf6 29. Qd1 Rb8 30. Re7 Qxb3 31. Qe2 Qxc4 32. Rc1 Qa2 33. Rxc7 Re8 34. Ne5
Rxf4 35. R7xc5 Ne4 36. R5c2 Rxe5 37. Bxf4 Ng3+ 38. hxg3 Rxe2 39. Rxa2 Rxa2 40.
Rc4 d3 41. Rd4 1-0

[Event "BL 0506 Werder Bremen - SV Mülheim Nord"]
[Site "?"]
[Date "2006.01.29"]
[Round "9.2"]
[White "Hracek, Zbynek"]
[Black "Landa, Konstantin"]
[Result "1/2-1/2"]
[WhiteElo "2581"]
[BlackElo "2600"]
[PlyCount "26"]
[EventDate "2006.??.??"]

1. e4 e5 2. Nf3 Nf6 3. Nxe5 d6 4. Nf3 Nxe4 5. d4 d5 6. Bd3 Nc6 7. O-O Be7 8.
Nbd2 Nxd2 9. Bxd2 Bg4 10. c3 O-O 11. Bf4 Bd6 12. Bxd6 Qxd6 13. Re1 g6 1/2-1/2

[Event "BL 0506 Werder Bremen - SV Mülheim Nord"]
[Site "?"]
[Date "2006.01.29"]
[Round "9.3"]
[White "Golod, Vitali"]
[Black "Babula, Vlastimil"]
[Result "1/2-1/2"]
[WhiteElo "2578"]
[BlackElo "2593"]
[PlyCount "26"]
[EventDate "2006.??.??"]

1. d4 Nf6 2. c4 e6 3. Nc3 Bb4 4. Qc2 d5 5. cxd5 exd5 6. Bg5 c5 7. a3 Bxc3+ 8.
bxc3 O-O 9. Nf3 Nbd7 10. e3 Qa5 11. Bd3 cxd4 12. Bxf6 Nxf6 13. Nxd4 Bd7 1/2-1/2

[Event "BL 0506 Werder Bremen - SV Mülheim Nord"]
[Site "?"]
[Date "2006.01.29"]
[Round "9.5"]
[White "Levin, Felix"]
[Black "Fish, Gennadij"]
[Result "1/2-1/2"]
[WhiteElo "2506"]
[BlackElo "2550"]
[PlyCount "29"]
[EventDate "2006.??.??"]

1. Nf3 Nf6 2. c4 e6 3. Nc3 Bb4 4. Qc2 c5 5. a3 Ba5 6. e3 Nc6 7. Be2 O-O 8. d4
cxd4 9. exd4 Bxc3+ 10. Qxc3 d5 11. c5 Ne4 12. Qc2 e5 13. dxe5 Qa5+ 14. Bd2 Qxc5
15. Qxc5 1/2-1/2

[Event "BL 0506 Werder Bremen - SV Mülheim Nord"]
[Site "?"]
[Date "2006.01.29"]
[Round "9.6"]
[White "Schandorff, Lars"]
[Black "Schebler, Gerhard"]
[Result "1-0"]
[WhiteElo "2517"]
[BlackElo "2474"]
[PlyCount "55"]
[EventDate "2006.??.??"]

1. c4 g6 2. d4 Bg7 3. e4 d6 4. Nc3 e5 5. Nf3 exd4 6. Nxd4 Nc6 7. Be3 Nge7 8. h4
f5 9. h5 fxe4 10. hxg6 Nxg6 11. Qd2 O-O 12. Nxc6 bxc6 13. Nxe4 Qe8 14. Nc3 Be6
15. O-O-O Qf7 16. Ne4 Rab8 17. Rxh7 Bxb2+ 18. Qxb2 Qxh7 19. Qxb8 Rxb8 20. Nf6+
Kg7 21. Nxh7 Kxh7 22. Bd3 c5 23. Bd2 Kg7 24. f4 Nf8 25. g4 d5 26. f5 dxc4 27.
Bc3+ Kg8 28. Be2 1-0

[Event "BL 0506 Werder Bremen - SV Mülheim Nord"]
[Site "?"]
[Date "2006.01.29"]
[Round "9.7"]
[White "Saltaev, Mihail"]
[Black "Knaak, Rainer"]
[Result "1/2-1/2"]
[WhiteElo "2498"]
[BlackElo "2487"]
[PlyCount "33"]
[EventDate "2006.??.??"]

1. e4 e5 2. Nf3 Nc6 3. Bb5 Nf6 4. d3 Bc5 5. Be3 Bxe3 6. fxe3 Ne7 7. Nc3 c6 8.
Bc4 d6 9. Bb3 O-O 10. O-O Ng6 11. Qe1 Qe7 12. Nh4 Nxh4 13. Qxh4 Nd5 14. Qxe7
Nxe7 15. Rf2 Be6 16. Bxe6 fxe6 17. Raf1 1/2-1/2

[Event "BL 0506 SG Kirchheim - SV Wattenscheid"]
[Site "?"]
[Date "2006.??.??"]
[Round "8.1"]
[White "Eljanov, Pavel"]
[Black "Wippermann, Till"]
[Result "1-0"]
[WhiteElo "2639"]
[BlackElo "2450"]
[PlyCount "67"]
[EventDate "2006.??.??"]

1. d4 d5 2. Nf3 Nf6 3. c4 c5 4. cxd5 cxd4 5. Qxd4 Qxd5 6. Nc3 Qxd4 7. Nxd4 a6
8. Bg5 b5 9. e4 Bb7 10. f3 e6 11. a4 b4 12. Nb1 Nc6 13. Nxc6 Bxc6 14. Nd2 Be7
15. Be2 O-O 16. Be3 Nd7 17. Kf2 f5 18. Rhc1 f4 19. Bxf4 Rxf4 20. Rxc6 Bf6 21.
Rb1 Bd4+ 22. Ke1 Rf6 23. Nb3 Bg1 24. h3 e5 25. Rbc1 Nb6 26. a5 Na4 27. Bc4+ Kf8
28. Bd5 Ra7 29. Kd2 Bf2 30. R1c2 Rd7 31. Ke2 Ba7 32. Rxf6+ gxf6 33. Rc8+ Ke7
34. Bc6 1-0

[Event "BL 0506 SG Kirchheim - SV Wattenscheid"]
[Site "?"]
[Date "2006.??.??"]
[Round "8.2"]
[White "Bokros, Albert"]
[Black "Rustemov, Alexander"]
[Result "1/2-1/2"]
[WhiteElo "2446"]
[BlackElo "2564"]
[PlyCount "246"]
[EventDate "2006.??.??"]

1. e4 e6 2. d4 d5 3. Nc3 Bb4 4. e5 Ne7 5. Nf3 b6 6. Bd2 Bxc3 7. Bxc3 Ba6 8.
Bxa6 Nxa6 9. O-O c5 10. a4 Qc8 11. Qe2 O-O 12. a5 Qb7 13. axb6 axb6 14. b3 Nc6
15. Bb2 Rfc8 16. h3 h6 17. Kh2 Ne7 18. c4 Nb4 19. Bc3 Nbc6 20. Rfd1 Rab8 21.
Kg1 Rd8 22. Rac1 Rd7 23. cxd5 Nxd5 24. dxc5 bxc5 25. Bd2 Qxb3 26. Qc4 Nd4 27.
Nxd4 cxd4 28. Qxd4 Rbd8 29. Rb1 Qc2 30. Rdc1 Qf5 31. Qg4 Qh7 32. Ba5 Ra8 33.
Be1 Rc7 34. Qf3 Rxc1 35. Rxc1 Qg6 36. g3 Kh7 37. h4 h5 38. Bd2 Ra4 39. Kh2 Rd4
40. Bg5 Re4 41. Rd1 Rxe5 42. Qd3 Re4 43. Kg1 Qf5 44. Bd2 Ne7 45. f3 Ra4 46. Be3
e5 47. Qxf5+ Nxf5 48. Bf2 f6 49. Rd7 Kg6 50. Kg2 Ra2 51. Kg1 Rc2 52. Kf1 Rc4
53. Kg2 e4 54. fxe4 Rxe4 55. Kf3 Rc4 56. Kg2 Nh6 57. Be3 Rc2+ 58. Kg1 Ng4 59.
Bf4 Ne5 60. Ra7 Nf3+ 61. Kf1 Rc4 62. Bd6 Nd4 63. Rb7 Rc1+ 64. Kg2 Rc2+ 65. Kf1
Ne6 66. Rb5 Rc6 67. Bb8 Ra6 68. Kg2 Ra2+ 69. Kf1 Nd4 70. Rb7 Nf5 71. Bf4 Ra4
72. Bb8 Re4 73. Kf2 Nd4 74. Rd7 Rg4 75. Rd5 Nf5 76. Rb5 Re4 77. Rb7 Re6 78. Bf4
Ne7 79. Rb5 Rc6 80. Ra5 Rc2+ 81. Kf1 Rc4 82. Kf2 Rd4 83. Be3 Rd3 84. Ra7 Nc6
85. Rc7 Nb4 86. Rb7 Nc2 87. Bc5 Rd8 88. Rc7 Re8 89. Bf8 Ne3 90. Rxg7+ Kf5 91.
Bd6 Ng4+ 92. Kf1 Ke4 93. Kg2 Ne3+ 94. Kf2 Ng4+ 95. Kg2 Kd5 96. Bf4 Re2+ 97. Kg1
Ke4 98. Ra7 Re1+ 99. Kg2 Re2+ 100. Kg1 Kf3 101. Ra3+ Ke4 102. Ra4+ Kf5 103. Ra6
Kg6 104. Rc6 Rb2 105. Kf1 Nf2 106. Rc5 Ng4 107. Rb5 Rc2 108. Ra5 Nh2+ 109. Kg1
Nf3+ 110. Kf1 Rc4 111. Rb5 Nxh4 112. Kf2 Nf5 113. Rb6 Rc2+ 114. Kf3 Rc3+ 115.
Kf2 Rc4 116. Be5 Kg5 117. Bxf6+ Kg4 118. Be5 Rc2+ 119. Kg1 Nxg3 120. Bxg3 Kxg3
121. Rb3+ Kg4 122. Kh1 h4 123. Ra3 h3 1/2-1/2

[Event "BL 0506 SG Kirchheim - SV Wattenscheid"]
[Site "?"]
[Date "2006.??.??"]
[Round "8.3"]
[White "Holzke, Frank Dr"]
[Black "Gschnitzer, Oswald Dr"]
[Result "1/2-1/2"]
[WhiteElo "2478"]
[BlackElo "2427"]
[PlyCount "41"]
[EventDate "2006.??.??"]

1. e4 c5 2. Nf3 d6 3. d4 cxd4 4. Nxd4 Nf6 5. Nc3 Nc6 6. Bg5 e6 7. Qd2 a6 8.
O-O-O h6 9. Nxc6 bxc6 10. Bf4 d5 11. Qe3 Bb4 12. Be2 O-O 13. e5 Nd7 14. Qg3 Kh8
15. Qh3 Be7 16. Bxh6 gxh6 17. Qxh6+ Kg8 18. h4 Nxe5 19. Rh3 Ng6 20. Rg3 Bd6 21.
Rxg6+ 1/2-1/2

[Event "BL 0506 SG Kirchheim - SV Wattenscheid"]
[Site "?"]
[Date "2006.??.??"]
[Round "8.4"]
[White "Tompa, Janos"]
[Black "Handke, Florian"]
[Result "1/2-1/2"]
[WhiteElo "2408"]
[BlackElo "2460"]
[PlyCount "44"]
[EventDate "2006.??.??"]

1. e4 c5 2. Nf3 e6 3. c3 Nf6 4. e5 Nd5 5. d4 cxd4 6. Qxd4 Nc6 7. Qe4 f5 8. Qe2
Nb6 9. g3 d5 10. Bg2 Be7 11. h4 O-O 12. O-O Bd7 13. Bf4 h6 14. Nbd2 Be8 15. Be3
Bh5 16. Qb5 Rc8 17. Nd4 Nxd4 18. Bxd4 Be8 19. Bxb6 Bxb5 20. Bxd8 Bxd8 21. Rfc1
Bc7 22. Nb3 Bb6 1/2-1/2

[Event "BL 0506 SG Kirchheim - SV Wattenscheid"]
[Site "?"]
[Date "2006.??.??"]
[Round "8.5"]
[White "Appel, Ralf"]
[Black "Beckhuis, Gernod"]
[Result "1-0"]
[WhiteElo "2488"]
[BlackElo "2324"]
[PlyCount "55"]
[EventDate "2006.??.??"]

1. d4 d5 2. Nf3 Nf6 3. c4 e6 4. Nc3 Be7 5. g3 O-O 6. Bg2 dxc4 7. O-O Nc6 8. e4
Rb8 9. Bf4 b5 10. a3 a6 11. Re1 Re8 12. Qd2 Bb7 13. Rad1 Bf8 14. Qc2 Ne7 15.
Bg5 Nd7 16. Bh3 h6 17. d5 exd5 18. Nxd5 hxg5 19. Bxd7 Nxd5 20. Bxe8 Qxe8 21.
exd5 Qd8 22. Ne5 Qd6 23. Qf5 f6 24. Ng4 Bc8 25. Nh6+ gxh6 26. Qg6+ Kh8 27. Re8
Bg4 28. Rxb8 1-0